000 00289nam a22001337a 4500
003 SGT
082 _a611
_bG14S
100 _aSATHUA, SIDHESWAR
245 _aGARBHA VIJNANA ( EMBRYOLOGY)
260 _aVARANASI
_bCHAUKHAMBHA
_c2014
300 _a199
650 _aEMBRYOLOGY
942 _2ddc
_cBK
999 _c8441
_d8441